000 00602nam a2200229Ia 4500
003 OSt
005 20220928101546.0
006 a|||||r|||| 00| 0
007 ta
008 220927b |||||||| |||| 00| 0 eng d
024 _a61495
037 _cTextual
040 _aSDCL
_cSDCL
_beng
041 _2eng
_aeng
082 _aO152vN:g, M2
100 _aChaturvedi Ramswaroop
245 0 _aItihas aur alochak drishti.
260 _aIlahabad
_bLokbharti Press
_c1982
300 _a88
_ccm.
942 _hO152vN:g, M2
_cTEXL
_2CC
999 _c707451
_d707451